| 000 | 00448 a2200157 4500 | ||
|---|---|---|---|
| 999 |
_c320935 _d320935 |
||
| 001 | 85862 | ||
| 003 | NUST | ||
| 005 | 20180121120636.0 | ||
| 008 | 180121b xxu||||| |||| 00| 0 eng d | ||
| 020 | _a9280805126 | ||
| 082 | _a331.0952 TAK | ||
| 100 |
_aJōzen Takeuchi _99346 |
||
| 245 |
_aThe role of labour-intensive sectors in Japanese industrialization _hEnglish |
||
| 250 | _a1st | ||
| 260 |
_aTokyo _bUnited Nations University Press _c1991 |
||
| 300 | _aix, 219 p. | ||
| 500 | _aGifted By AM Masood Akhtar | ||
| 942 |
_acaenust _cBK _k331.0952 TAK _2ddc |
||